000
00300nam a2200109Ia 4500
008
200302s9999 xx 000 0 und d
100
_a
Christopher Hahn
245
_a
Doing Qualitative research using your computer A Practical guide
260
_b
Sage Publication Ltd.,
260
_c
2008
300
_a
224
999
_c
6272
_d
6272